Inorganic reaction mechanisms: an introduction (Record no. 81409)
[ view plain ]
| 000 -LEADER | |
|---|---|
| fixed length control field | 00419nam a22001457a 4500 |
| 008 - FIXED-LENGTH DATA ELEMENTS--GENERAL INFORMATION | |
| fixed length control field | 170906b xxu||||| |||| 00| 0 eng d |
| 082 ## - DEWEY DECIMAL CLASSIFICATION NUMBER | |
| Classification number | 546.1/Ed96i |
| 100 ## - MAIN ENTRY--PERSONAL NAME | |
| Personal name | Edwards, John. O |
| 245 ## - TITLE STATEMENT | |
| Title | Inorganic reaction mechanisms: an introduction |
| 260 ## - PUBLICATION, DISTRIBUTION, ETC. | |
| Place of publication, distribution, etc. | New York: |
| Name of publisher, distributor, etc. | W.A Benjamin, INC, |
| Date of publication, distribution, etc. | 1965. |
| 300 ## - PHYSICAL DESCRIPTION | |
| Extent | xii,190p.illus. |
| 650 ## - SUBJECT ADDED ENTRY--TOPICAL TERM | |
| Topical term or geographic name entry element | Inorganic chemistry |
| 9 (RLIN) | 7475 |
| 650 ## - SUBJECT ADDED ENTRY--TOPICAL TERM | |
| Topical term or geographic name entry element | mechanism |
| 9 (RLIN) | 16031 |
| 942 ## - ADDED ENTRY ELEMENTS (KOHA) | |
| Source of classification or shelving scheme | Dewey Decimal Classification |
| Koha item type | General Collections |
| Withdrawn status | Lost status | Source of classification or shelving scheme | Damaged status | Not for loan | Home library | Current library | Date acquired | Total Checkouts | Full call number | Barcode | Date last seen | Date last checked out | Price effective from | Koha item type |
|---|---|---|---|---|---|---|---|---|---|---|---|---|---|---|
| Dewey Decimal Classification | Tribhuvan University Central Library | Tribhuvan University Central Library | 09/06/2017 | 1 | 546.1/Ed96i | 46393 | 09/12/2017 | 09/06/2017 | 09/06/2017 | General Collections |
